logo

Bir Sreshtho Munshi Abdur Rouf Library
Jhenaidah Cadet College

সাহিত্যে বারোজন নোবেল বিজয়ী নারী জীবন ও সাহিত্য / (Record no. 1705)

MARC details
000 -LEADER
fixed length control field 00744nam a2200205 a 4500
001 - CONTROL NUMBER
JCCL Control Number 1705
003 - CONTROL NUMBER IDENTIFIER
JCCL marc code BD-JhCC
005 - DATE AND TIME OF LATEST TRANSACTION
control field 20171023175617.0
008 - FIXED-LENGTH DATA ELEMENTS--GENERAL INFORMATION
fixed length control field 171023s2011 bg |||| |||| 000 0 ben d
035 ## - SYSTEM CONTROL NUMBER
system control number (BD-JhCC)1705
040 ## - CATALOGING SOURCE
Original cataloging agency BD-JhCC
Modifying agency BD-JhCC
041 ## - LANGUAGE CODE
Language code of Book ben
082 ## - DEWEY DECIMAL CLASSIFICATION NUMBER
Classification number 808.8
Author mark and Year CHO 2011
100 ## - MAIN ENTRY--PERSONAL NAME
Personal name চৌধুরী, সালেহা
245 ## - TITLE STATEMENT
Title সাহিত্যে বারোজন নোবেল বিজয়ী নারী জীবন ও সাহিত্য /
Statement of responsibility, etc সালেহা চৌধুরী
260 ## - PUBLICATION, DISTRIBUTION, ETC. (IMPRINT)
Place of publication, distribution, etc ঢাকা :
Name of publisher, distributor, etc মাওলা ব্রাদার্স ;
Date of publication, distribution, etc ২০১১
300 ## - PHYSICAL DESCRIPTION
Pagination ৩২০ পৃ. ;
Dimensions ২২ সে.মি.
650 ## - SUBJECT ADDED ENTRY--TOPICAL TERM
Topical term or geographic name as entry element Anthologies Literature
942 ## - ADDED ENTRY ELEMENTS (KOHA)
Source of classification or shelving scheme Dewey Decimal Classification
Koha item type Books
Holdings
Source of classification or shelving scheme Damaged status Not for loan Home library Current library Date of accession Total Checkouts Full call number Barcode Date last seen Date checked out Copy number Koha item type Shelving location Cost, normal purchase price
Dewey Decimal Classification     JCC Rouf Library JCC Rouf Library 10/23/2017 1 808.8 CHO 2011 3086 01/17/2024 01/15/2024 C-1 Books    
Dewey Decimal Classification     JCC Rouf Library JCC Rouf Library 03/14/2018   808.8 CHO 2011 12609 03/14/2018   C-2 Books General Stacks 350.00

JCC Library | Contacts | JCC Home

Last Update on 23 September 2017
Copyright @ 2017-2020 JCC Rouf Library
Rouf Library, Jhenidah Cadet College (JCC), Bangladesh